ბათუმის შოთა რუსთაველის სახელმწიფო უნივერსიტეტის ბიბლიოთეკა

The future of architecture in 100 buildings / (ბიბ.ჩანაწერი № 56482)

000 -LEADER
fixed length control field 01855cam a22004097i 4500
001 - CONTROL NUMBER
control field 18660947
003 - CONTROL NUMBER IDENTIFIER
control field GE_BSU
005 - DATE AND TIME OF LATEST TRANSACTION
control field 20191007152341.0
008 - FIXED-LENGTH DATA ELEMENTS--GENERAL INFORMATION
fixed length control field 150616s2015 nyua 000 0 eng d
010 ## - LIBRARY OF CONGRESS CONTROL NUMBER
LC control number 2014466883
020 ## - INTERNATIONAL STANDARD BOOK NUMBER
International Standard Book Number 1476784922
020 ## - INTERNATIONAL STANDARD BOOK NUMBER
International Standard Book Number 9781476784922
035 ## - SYSTEM CONTROL NUMBER
System control number (OCoLC)ocn889642543
040 ## - CATALOGING SOURCE
Original cataloging agency YDXCP
Language of cataloging eng
Transcribing agency YDXCP
Description conventions rda
Modifying agency BTCTA
-- BDX
-- OCLCQ
-- SFR
-- OCLCO
-- UPZ
-- RB0
-- OCLCF
-- MEAUC
-- AHS
-- DLC
042 ## - AUTHENTICATION CODE
Authentication code lccopycat
050 00 - LIBRARY OF CONGRESS CALL NUMBER
Classification number NA687
Item number .K87 2015
082 04 - DEWEY DECIMAL CLASSIFICATION NUMBER
Classification number 721 K-90
100 1# - MAIN ENTRY--PERSONAL NAME
Personal name Kushner, Marc,
Relator term author.
9 (RLIN) 4581
245 14 - TITLE STATEMENT
Title The future of architecture in 100 buildings /
Statement of responsibility, etc. by Marc Kushner ; edited by : Jennifer Krichels.
250 ## - EDITION STATEMENT
Edition statement First TED Books hardcover edition.
264 #1 - PRODUCTION, PUBLICATION, DISTRIBUTION, MANUFACTURE, AND COPYRIGHT NOTICE
Place of production, publication, distribution, manufacture New York :
Name of producer, publisher, distributor, manufacturer TED Books/Simon & Schuster,
Date of production, publication, distribution, manufacture, or copyright notice 2015.
300 ## - PHYSICAL DESCRIPTION
Extent xi, 152 pages :
Other physical details color illustrations ;
Dimensions 19 cm
336 ## - CONTENT TYPE
Content type term text
Content type code txt
Source rdacontent
337 ## - MEDIA TYPE
Media type term unmediated
Media type code n
Source rdamedia
338 ## - CARRIER TYPE
Carrier type term volume
Carrier type code nc
Source rdacarrier
500 ## - GENERAL NOTE
General note "A TED original."
520 ## - SUMMARY, ETC.
Summary, etc. The founder of Architizer.com and practicing architect draws on his unique position at the crossroads of architecture and social media to highlight 100 important buildings that embody the future of architecture.
650 #0 - SUBJECT ADDED ENTRY--TOPICAL TERM
Topical term or geographic name entry element Architecture, Modern
Chronological subdivision 21st century.
9 (RLIN) 4582
653 ## - INDEX TERM--UNCONTROLLED
Uncontrolled term ნაგებობები. პროექტირება
700 1# - ADDED ENTRY--PERSONAL NAME
Personal name Krichels, Jennifer,
Relator term editor.
9 (RLIN) 4583
856 42 - ELECTRONIC LOCATION AND ACCESS
Materials specified Contributor biographical information
Uniform Resource Identifier http://www.loc.gov/catdir/enhancements/fy1511/2014466883-b.html
856 42 - ELECTRONIC LOCATION AND ACCESS
Materials specified Publisher description
Uniform Resource Identifier http://www.loc.gov/catdir/enhancements/fy1511/2014466883-d.html
856 41 - ELECTRONIC LOCATION AND ACCESS
Materials specified Sample text
Uniform Resource Identifier http://www.loc.gov/catdir/enhancements/fy1511/2014466883-s.html
906 ## - LOCAL DATA ELEMENT F, LDF (RLIN)
a 7
b cbc
c copycat
d 2
e ncip
f 20
g y-gencatlg
942 ## - ADDED ENTRY ELEMENTS (KOHA)
Source of classification or shelving scheme
Koha item type წიგნი
ეგზემპლარები
Withdrawn status Lost status Source of classification or shelving scheme Damaged status Not for loan Permanent Location Current Location Shelving location Date acquired Cost, normal purchase price Full call number Barcode Date last seen Copy number Price effective from Koha item type Public note
          ბათუმის შოთა რუსთაველის სახელმწიფო უნივერსიტეტის მთავარი ბიბლიოთეკა ტექნოლოგიური ფაკულტეტის ბიბლიოთეკა წიგნსაცავი 2018-12-17 30.00 721 K-90 58775 2018-12-17 58775 2018-12-17 წიგნი 30.00